Koncentrácia mangánu, olova a kadmia v krmive, krvnom sére a srsti dojníc z oblasti ferozliatinárskych závodov

Bibliographic Details
Main Author: Maňkovská, Blanka, 1942- (Author)
Format: Article
Language:Slovak
PhysicalDescription:Tb. 2. Res. angl., ruš., lit. 9 zázn. v slov., češ., angl.
Subjects:

MARC

LEADER 00000nab a2200000 a 4500
001 vtls000190796
003 SK-MaSNL
005 20260304075231.0
008 250422c1984 xo 0 slo
015 |a SNBRB19rr/mm-uuuuu 
035 |a CL0200909 
035 |a urn:nbn:sk:snk-ab1nr4 
035 |a (urnnbn)urn:nbn:sk:snk:ar-004n0v 
035 |a (uuid)cf0326ab-3e7f-4b64-86b8-3d75de879ca8 
040 |a SNKBUCL  |b slo  |c SNKBUCL  |e AACR2 
041 0 |a slo 
044 |a xo  |c SK 
080 |a 636.22/.28.034:591.111.1+591.478  |2 1981 
080 |a 591.111.1  |2 1981 
080 |a 591.478  |2 1981 
080 |a 546  |2 1981 
080 |a 636.085.3  |2 1981 
080 |a 632.122  |2 1981 
100 1 |a Maňkovská, Blanka,  |d 1942-  |4 aut  |9 97613 
245 1 0 |a Koncentrácia mangánu, olova a kadmia v krmive, krvnom sére a srsti dojníc z oblasti ferozliatinárskych závodov  |c Blanka Maňkovská 
300 |b Tb. 2. Res. angl., ruš., lit. 9 zázn. v slov., češ., angl. 
650 0 7 |a mliečny dobytok  |2 snkbucl  |9 67365 
650 0 7 |a krmivá  |2 snkbucl  |9 2812 
650 0 7 |a emisie  |2 snkbucl  |9 290897 
655 7 |a články z novín a časopisov  |2 snkbucl  |9 267496 
773 0 |t Poľnohospodárstvo  |g Roč. 30, č. 8 (1984), s. 745-749 
850 |a Slovenská národná knižnica 
852 |a Slovenská národná knižnica 
954 |a odborná, vedecká literatúra pôvodná (slovenská)  |2 lita 
958 |a article27 
958 |a NB 
958 |a RK 
958 |a OND 
958 |a EUIPO 
992 |a RBX 
999 |c 2780331  |d 2782261